<?xml version="1.0" encoding="UTF-8"?>
<collection xmlns="http://www.loc.gov/MARC21/slim">
 <record>
  <leader>01759nam a22002537a 4500</leader>
  <controlfield tag="001">NCT_53565</controlfield>
  <controlfield tag="008">181019b        xxu||||| |||| 00| 0 vie d</controlfield>
  <datafield tag="999" ind1=" " ind2=" ">
   <subfield code="c">2567</subfield>
   <subfield code="d">2567</subfield>
  </datafield>
  <datafield tag="020" ind1=" " ind2=" ">
   <subfield code="a">9786049387784</subfield>
   <subfield code="c">100000</subfield>
  </datafield>
  <datafield tag="082" ind1="0" ind2="4">
   <subfield code="2">23rd ed.</subfield>
   <subfield code="a">621.30285</subfield>
   <subfield code="b">B302</subfield>
  </datafield>
  <datafield tag="100" ind1="1" ind2=" ">
   <subfield code="a">Lê Ngọc Bích</subfield>
  </datafield>
  <datafield tag="245" ind1="1" ind2="0">
   <subfield code="a">Cad trong điện &amp; điện tử vi điều khiển và ứng dụng</subfield>
   <subfield code="c">Lê Ngọc Bích, Phạm Quang Huy</subfield>
  </datafield>
  <datafield tag="260" ind1=" " ind2=" ">
   <subfield code="a">H.</subfield>
   <subfield code="b">Bách khoa Hà Nội</subfield>
   <subfield code="c">2016</subfield>
  </datafield>
  <datafield tag="300" ind1=" " ind2=" ">
   <subfield code="a">383 tr.</subfield>
   <subfield code="b">Minh họa</subfield>
   <subfield code="c">24cm</subfield>
  </datafield>
  <datafield tag="490" ind1=" " ind2=" ">
   <subfield code="a">Tủ sách STK</subfield>
  </datafield>
  <datafield tag="520" ind1="3" ind2=" ">
   <subfield code="a"> Nội dung sách là các bài tập thực hành chủ yếu là lập trình và mô phỏng vi xử lý và vi điều khiển. Những ví dụ trong từng bài tập rất hữu ích, cung cấp cho bạn những ý tưởng để thiết kế các yêu cầu phức tạp hơn trong dân dụng cũng như trong công nghiệp..</subfield>
  </datafield>
  <datafield tag="653" ind1=" " ind2=" ">
   <subfield code="a">Công nghệ kỹ thuật ô tô</subfield>
  </datafield>
  <datafield tag="700" ind1="1" ind2=" ">
   <subfield code="a">Phạm Quang Huy</subfield>
  </datafield>
  <datafield tag="942" ind1=" " ind2=" ">
   <subfield code="2">ddc</subfield>
   <subfield code="c">BK</subfield>
  </datafield>
  <datafield tag="952" ind1=" " ind2=" ">
   <subfield code="0">0</subfield>
   <subfield code="1">0</subfield>
   <subfield code="2">ddc</subfield>
   <subfield code="4">0</subfield>
   <subfield code="6">621_302850000000000_B302</subfield>
   <subfield code="7">0</subfield>
   <subfield code="9">14636</subfield>
   <subfield code="a">000001</subfield>
   <subfield code="b">000001</subfield>
   <subfield code="d">2018-10-19</subfield>
   <subfield code="l">1</subfield>
   <subfield code="o">621.30285 B302</subfield>
   <subfield code="p">MD.13629</subfield>
   <subfield code="r">2019-09-18</subfield>
   <subfield code="s">2019-09-03</subfield>
   <subfield code="v">100000.00</subfield>
   <subfield code="w">2018-10-19</subfield>
   <subfield code="y">BK</subfield>
  </datafield>
  <datafield tag="952" ind1=" " ind2=" ">
   <subfield code="0">0</subfield>
   <subfield code="1">0</subfield>
   <subfield code="2">ddc</subfield>
   <subfield code="4">0</subfield>
   <subfield code="6">621_302850000000000_B302</subfield>
   <subfield code="7">0</subfield>
   <subfield code="9">14637</subfield>
   <subfield code="a">000001</subfield>
   <subfield code="b">000001</subfield>
   <subfield code="d">2018-10-19</subfield>
   <subfield code="o">621.30285 B302</subfield>
   <subfield code="p">MD.13630</subfield>
   <subfield code="r">2018-10-19</subfield>
   <subfield code="v">100000.00</subfield>
   <subfield code="w">2018-10-19</subfield>
   <subfield code="y">BK</subfield>
  </datafield>
  <datafield tag="952" ind1=" " ind2=" ">
   <subfield code="0">0</subfield>
   <subfield code="1">0</subfield>
   <subfield code="2">ddc</subfield>
   <subfield code="4">0</subfield>
   <subfield code="6">621_302850000000000_B302</subfield>
   <subfield code="7">0</subfield>
   <subfield code="9">14638</subfield>
   <subfield code="a">000001</subfield>
   <subfield code="b">000001</subfield>
   <subfield code="d">2018-10-19</subfield>
   <subfield code="o">621.30285 B302</subfield>
   <subfield code="p">MD.13631</subfield>
   <subfield code="r">2018-10-19</subfield>
   <subfield code="v">100000.00</subfield>
   <subfield code="w">2018-10-19</subfield>
   <subfield code="y">BK</subfield>
  </datafield>
  <datafield tag="952" ind1=" " ind2=" ">
   <subfield code="0">0</subfield>
   <subfield code="1">0</subfield>
   <subfield code="2">ddc</subfield>
   <subfield code="4">0</subfield>
   <subfield code="6">621_302850000000000_B302</subfield>
   <subfield code="7">0</subfield>
   <subfield code="9">14639</subfield>
   <subfield code="a">000001</subfield>
   <subfield code="b">000001</subfield>
   <subfield code="d">2018-10-19</subfield>
   <subfield code="o">621.30285 B302</subfield>
   <subfield code="p">MD.13632</subfield>
   <subfield code="r">2018-10-19</subfield>
   <subfield code="v">100000.00</subfield>
   <subfield code="w">2018-10-19</subfield>
   <subfield code="y">BK</subfield>
  </datafield>
  <datafield tag="980" ind1=" " ind2=" ">
   <subfield code="a">Thư viện Trường Đại học Nam Cần Thơ</subfield>
  </datafield>
 </record>
</collection>
